Teoria de les relacions laborals Fonaments /

Detalles Bibliográficos
Autor Corporativo: Universitat Oberta de Catalunya
Otros Autores: Blanch Ribas, Josep M. (coord.), Espuny Toms̉, Mara̕ Jess︢ (coaut.), Gala Durǹ, Carolina (coaut.), Martn̕ Artiles, Antonio (coaut.)
Formato: Desconocido
Lenguaje:español
Publicado: [Barcelona] : UOC, 2006
Materias:
Acceso en línea:Acceso restringido

MARC

LEADER 00000ny a22000003n 4500
005 20110614112938.0
008 080707s2006 sp s 000 0 spa c
020 |a 8495131625 
035 |a 1412 
040 |a UMA.RE  |d vLex 
080 |a 349.2(0.034) 
090 |c 650  |d 650 
245 0 0 |a Teoria de les relacions laborals  |h [Recurso electrn̤ico]  |b Fonaments /  |c Josep M. Blanch Ribas (coordinador de l'obra) ; Mara̕ Jess︢ Espuny Toms̀, Antonio Martn̕ Artiles, Carolina Gala Durǹ 
256 |a Servicio en ln̕ea 
260 |a [Barcelona] :  |b UOC,  |c 2006 
300 |a p. ;  |c cm 
506 1 |a Contenido solo disponible en los productos indicados  |d vLex Global  |d vLex Global (Academic Edition, excluding Law Schools)  |d vLex Global (U.S. Academic Edition, Law Schools)  |d vLex Global (U.S. Academic Edition, excluding Law Schools)  |d vLex Global (Academic Edition, Law Schools) 
650 0 4 |a Trabajo  |x Derecho  |z Espaą 
700 1 |a Blanch Ribas, Josep M.,  |e coord. 
700 1 |a Espuny Toms̉, Mara̕ Jess︢,  |e coaut. 
700 1 |a Gala Durǹ, Carolina,  |e coaut. 
700 1 |a Martn̕ Artiles, Antonio,  |e coaut. 
710 2 |a Universitat Oberta de Catalunya 
740 0 |a vLex Libros (Servicios en ln̕ea) 
856 4 0 |z Acceso restringido  |u http://vlex.com/source/1412 
942 |c BOOK 
999 0 |a Work  |b Barcelona